000 01388nam a2200241 a 4500
001 000011363
005 20240412074225.0
008 091016s2006 dr r 000 p spa d
020 _a9945160567
040 _aDO-SdBNP
_bspa
_cBNPHU
082 _aRD861.508
_bR438a
245 0 4 _aLos retoños de la aurora /
_ccompilador J. Estévez Aristy ; presentación José Reyes.
260 _aSanto Domingo :
_bBúho,
_c2006.
300 _a126 p. :
_bil. ;
_c22 cm.
505 0 _gPalabras de apertura /
_rIsael Pérez --
_tPrólogo /
_gJ. Estévez Aristy --
_tPresentación /
_rJosé Reyes --
_rAdela Germán --
_rRomina Bayo --
_rMarielys Duluc Reyna --
_rVíctor Manuel Zorrilla --
_rBertha C. Martínez --
_rKarelyn Dyer José --
_rBienvenido Jiménez Sánchez (Niño) --
_rCarolina Estefany Silvestre Rondón --
_rPeter --
_rJeter --
_rEulogio Jiménez Germán --
_rLuis Antonio Villanueva --
_rOlga Carmen Hernández Nieves --
_rReynaldo Alberto Berroa --
_rOlga Carmen Justiniano Díaz --
_rPedro Henríquez Severino.
586 _aPrimer concurso de poesía "Juan Bosch", 2005 -2006, Auspiciado por el Ayuntamiento municipal de La Romana.
590 _aInventariado, 2019/BT
650 4 _aPoesía dominicana
_xColecciones
_9351
650 0 _aLiteratura dominicana.
_967
700 1 _aAristy, Estévez,
_ecomp.
_926979
700 1 _aReyes José,
_epresent.
_926980
910 _aValidado. Control de calidad. EMS
999 _c11070
_d11070